banner-ar

ا. ب. تشيكوف / (Record no. 39917)

MARC details
000 -الفاتح
حقل البيانات ثابتة الطول 00901nam a2200229Ia 4500
005 - وقت وتاريخ اخر تعامل مع التسجيلة
رقم الضبط 20240530103505.0
008 - عناصر البيانات ثابتة الطول - معلومات عامة
حقل البيانات ثابتة الطول 140319s1966 ua 000 0 ara d
040 ## - مصدر الفهرسة
وكالة الفهرسة الأصلية GCL /
وكالة النسخ GCL
082 04 - رقم تصنيف ديوى العشرى
رقم التصنيف 928.9171/
رقم المادة ج أ
100 1# - المدخل الرئيسى - إسم شخصى
الإسم الشخصى جوركى،م
245 10 - بيان العنوان
العنوان ا. ب. تشيكوف /
بيان المسئوليه,etc تاليف م. جوركى، أ. تشيكوفا، ك. تشكوفسكى ؛ ترجمة احمد القصير ؛ راجعة على ادهم
260 ## - PUBLICATION, DISTRIBUTION, ETC. (IMPRINT)
تاريخ النشر أو التوزيع 1966
300 ## - الوصف المادى
التعداد 206 ص ؛
أبعاد الوعاء 24 سم
490 ## - بيان السلسلة
عنوان السلسلة الالف كتاب
رقم المجلد/ التعيين التسلسلي 636
650 07 - المدخل الاضافى بالموضوع-مصطلح موضوعى
مصدر الرأس أو المصطلح qrmak
مصطلح موضوعي الادباء الروسيون
التقسيم الفرعي الشكلي تراجم
650 07 - المدخل الاضافى بالموضوع-مصطلح موضوعى
مصدر الرأس أو المصطلح qrmak
مصطلح موضوعي الادب الروسى
التقسيم الفرعي العام تاريخ ونقد
700 0# - المدخل الاضافى - اسم شخصى
الإسم الشخصى احمد القصير
الدور مترجم
700 1# - المدخل الاضافى - اسم شخصى
الإسم الشخصى تشيكوفا، أ
الدور مولف مشارك
700 1# - المدخل الاضافى - اسم شخصى
الإسم الشخصى تشكوفسكى، ك
الدور مولف مشارك
942 ## - عناصر المدخل الإضافي( كوها)
مصدر التصنيف او مخطط الترفيف Dewey Decimal Classification
Koha [default] item type كتاب
260 ## - PUBLICATION, DISTRIBUTION, ETC. (IMPRINT)
-- القاهرة :
-- مؤسسة سجل العرب ،
Holdings
حالة التراجع حالة الفقد حالة تلف ليس للاعارة المكان المؤقت الموقع الحالى تاريخ الاكتساب اجمالي اﻻعارات رقم الطلب الباركود تاريخ اخر مشاهدة تاريخ تفعيل السعر نوع وعاء كوها
        مكتبة القاهرة الكبرى مكتبة القاهرة الكبرى 03/26/2014   928.9171/ج أ 97226 03/26/2014 03/26/2014 كتاب
        مكتبة القاهرة الكبرى مكتبة القاهرة الكبرى 03/26/2014   928.9171/ج أ 97227 03/26/2014 03/26/2014 كتاب
        مكتبة القاهرة الكبرى مكتبة القاهرة الكبرى 03/26/2014   928.9171/ج أ 97228 03/26/2014 03/26/2014 كتاب

Powered By

EGPV